000 00727na a2200265 4500
001 13968
003 MIRAKIL
005 20181213155159.0
008 161024b tu 000 0
020 _a9786059093187
035 _a13968
040 _aMilas
_btur
_cTR-AnCHP
041 _atur
082 _a320.9561
_bB84u 2015
090 _a320.9561 B84u 2015
100 _aBulut, Levent
245 _aUtanın
_bmakaleler
_cLevent Bulut
260 _aİstanbul
_bİştirak Yayınları
_c2015
300 _a167 s.
_c19 sm.
490 _aİştirak yayınları
_v24
650 _aSiyaset
_xGazete yazıları
651 _aTürkiye
_xSiyaset ve yönetim
_yGazete yazıları
657 _aSiyasi makaleler
942 _2ddc
_cBKS
999 _c8081
_d8081